[Event "DVM u16 2005"]
[Site "DVM u16 2005"]
[Date "2005.12.27"]
[Round "1.1"]
[White "Eibl, Maximilian"]
[Black "Schneider, David"]
[Result "1/2-1/2"]
[WhiteElo "1849"]
[BlackElo "2192"]
[PlyCount "96"]
[EventDate "1905.??.??"]
[WhiteTeam "SK Kelheim"]
[BlackTeam "FSV Großenseebach"]

1. e4 c5 2. Nf3 e6 3. d4 cxd4 4. Nxd4 a6 5. Nc3 b5 6. Bd3 Qb6 7. Nb3 Qc7 8. O-O
Bb7 9. Be3 Nf6 10. a3 Be7 11. f4 d6 12. Kh1 Nbd7 13. Qe2 O-O 14. Nd4 Rfe8 15.
Rae1 Bf8 16. Bd2 Rad8 17. Nf3 e5 18. fxe5 dxe5 19. Bg5 Be7 20. Nh4 h6 21. Bxf6
Nxf6 22. Nf5 Bc8 23. Nd1 Qc6 24. Qf3 Bxf5 25. Qxf5 Bc5 26. Ne3 Bxe3 27. Rxe3
Qe6 28. Qxe6 Rxe6 29. Kg1 Red6 30. h3 Kf8 31. Kf2 Nd7 32. Ke2 Nc5 33. Rd1 Ke7
34. Rf1 Ne6 35. g3 Nc5 36. Ref3 f6 37. Re3 Na4 38. b3 Nc5 39. h4 Rc8 40. Kd2
Rd4 41. Rb1 Rd6 42. Ke2 Rcd8 43. Rd1 Rc8 44. Rd2 Ne6 45. Kd1 Rc3 46. Kc1 Nd4
47. Kb2 Rdc6 48. g4 Rc8 1/2-1/2

[Event "DVM u16 2005"]
[Site "DVM u16 2005"]
[Date "2005.12.27"]
[Round "1.2"]
[White "Seyb, Alexander"]
[Black "Fuhrmann, Max"]
[Result "1/2-1/2"]
[WhiteElo "2068"]
[BlackElo "1867"]
[PlyCount "86"]
[EventDate "1905.??.??"]
[WhiteTeam "FSV Großenseebach"]
[BlackTeam "SK Kelheim"]

1. e4 c6 2. d4 d5 3. e5 c5 4. dxc5 e6 5. Be3 Nd7 6. Bb5 Qc7 7. Nf3 Bxc5 8. Bxc5
Qxc5 9. Nc3 Ne7 10. Qe2 a6 11. Bd3 b5 12. O-O h6 13. a3 Bb7 14. Qd2 Rd8 15.
Rfe1 Nb6 16. b4 Qc7 17. a4 Nc4 18. Qf4 Nb6 19. Ra3 bxa4 20. Nxa4 Nxa4 21. Rxa4
Qc6 22. Rea1 O-O 23. Nd4 Qc3 24. Bxa6 Bxa6 25. Rxa6 Ng6 26. Qe3 Qxe3 27. fxe3
Nxe5 28. Nc6 Nxc6 29. Rxc6 Rb8 30. c3 Rfc8 31. Raa6 Kf8 32. Kf2 Ke8 33. Ke2
Rxc6 34. Rxc6 Ra8 35. Rc7 Ra2+ 36. Kf3 g6 37. h4 h5 38. g3 Rc2 39. Rc5 Kd7 40.
e4 Kd6 41. exd5 exd5 42. Ke3 Rg2 {(=)} 43. Kf3 Rc2 1/2-1/2

[Event "DVM u16 2005"]
[Site "DVM u16 2005"]
[Date "2005.12.27"]
[Round "1.4"]
[White "Kirch, Daniel"]
[Black "Bräutigam, Markus"]
[Result "1-0"]
[WhiteElo "1864"]
[BlackElo "1683"]
[PlyCount "77"]
[EventDate "1905.??.??"]
[WhiteTeam "FSV Großseebach"]
[BlackTeam "SK Kelheim"]

1. d4 d5 2. c4 e6 3. Nc3 Nf6 4. cxd5 exd5 5. Bg5 c6 6. e3 Bf5 7. Qf3 Bg6 8.
Bxf6 gxf6 9. Nge2 Nd7 10. Rc1 Bd6 11. Nf4 Qe7 12. Be2 Bxf4 13. Qxf4 Nf8 14. O-O
Ne6 15. Qg3 Rg8 16. Rfd1 Rg7 17. Qh4 Kd7 18. e4 Nc7 19. exd5 Nxd5 20. Nxd5 cxd5
21. Bb5+ Kd8 22. Re1 Be4 23. f3 a6 24. Bf1 f5 25. Qxe7+ Kxe7 26. fxe4 fxe4 27.
Rc7+ Kd6 28. Rxb7 Kc6 29. Rb3 f5 30. Rc1+ Kd6 31. Rb6+ Ke7 32. Rc7+ Kf8 33.
Rf6+ Kg8 34. Rxg7+ Kxg7 35. Rxf5 Re8 36. Rxd5 e3 37. Re5 Rxe5 38. dxe5 Kf7 39.
Bxa6 1-0

[Event "DVM u16 2005"]
[Site "DVM u16 2005"]
[Date "2005.12.27"]
[Round "1.1"]
[White "Shmirina, Evgenija"]
[Black "Baisakow, Alexander"]
[Result "1-0"]
[WhiteElo "2078"]
[BlackElo "1926"]
[PlyCount "109"]
[EventDate "1905.??.??"]

1. e4 c5 2. Nf3 d6 3. d4 cxd4 4. Nxd4 Nf6 5. Nc3 a6 6. Be3 e5 7. Nb3 Be6 8. Qd2
Nbd7 9. f3 b5 10. O-O-O Nb6 11. Qf2 Nc4 12. Bxc4 Bxc4 13. Nd5 Nxd5 14. exd5 Rb8
15. f4 f6 16. Rhe1 Be7 17. fxe5 fxe5 18. Qf5 Bxb3 19. axb3 Qd7 20. Qxd7+ Kxd7
21. Rf1 Rhf8 22. Kd2 h6 23. Rxf8 Rxf8 24. Ra1 Bg5 25. Bxg5 hxg5 26. Ke3 Rc8 27.
c3 b4 28. Kd3 Ra8 29. Ke4 g6 30. c4 a5 31. Kf3 Rf8+ 32. Kg3 Ra8 33. Kg4 Rf8 34.
Rxa5 Rf2 35. Ra7+ Kc8 36. Kxg5 Rxg2+ 37. Kf6 e4 38. Ke6 Rxb2 39. Kxd6 Rxb3 40.
Kc6 Ra3 41. Re7 Kd8 42. Rxe4 b3 43. c5 Ra6+ 44. Kb7 Ra5 45. Kb6 Ra8 46. Re1 b2
47. Rb1 Kd7 48. Kb7 Ra5 49. c6+ Kd6 50. Rxb2 Rc5 51. Rb6 Rc2 52. h4 Rc4 53. c7+
Kd7 54. d6 Rc3 55. Kb8 1-0

[Event "DVM u16 2005"]
[Site "DVM u16 2005"]
[Date "2005.12.27"]
[Round "1.2"]
[White "van Akkeren, Arno"]
[Black "Winkelmann, Elena"]
[Result "1/2-1/2"]
[WhiteElo "1811"]
[BlackElo "2000"]
[PlyCount "41"]
[EventDate "1905.??.??"]
[WhiteTeam "SK Nordhorn-Blanke"]
[BlackTeam "Dresdner SC"]

1. e4 d5 2. exd5 Qxd5 3. Nc3 Qa5 4. d4 e5 5. dxe5 Nc6 6. Bb5 Bd7 7. e6 fxe6 8.
Qe2 O-O-O 9. Nf3 Bb4 10. O-O Nf6 11. Bxc6 Bxc6 12. Qxe6+ Kb8 13. Ne5 Bd5 14.
Nxd5 Rxd5 15. Nc4 Qb5 16. Ne3 Rh5 17. Qc4 Qb6 18. Ng4 Rh4 19. Nxf6 Qxf6 20. Qd5
h6 21. Be3 1/2-1/2

[Event "DVM u16 2005"]
[Site "DVM u16 2005"]
[Date "2005.12.27"]
[Round "1.3"]
[White "Rudolf, Sebastian"]
[Black "Kleinschmidt, Rene"]
[Result "1-0"]
[WhiteElo "1901"]
[BlackElo "1599"]
[PlyCount "65"]
[EventDate "1905.??.??"]
[WhiteTeam "Dresdner SC 1898"]
[BlackTeam "SK Nordhorn-Blanke"]

1. e4 c5 2. Nf3 Nc6 3. d4 cxd4 4. Nxd4 g6 5. Nc3 Bg7 6. Be3 Nf6 7. Bc4 O-O 8.
Bb3 d6 9. f3 Bd7 10. Qd2 a6 11. O-O-O b5 12. g4 Rc8 13. h4 Na5 14. Kb1 Nc4 15.
Bxc4 Rxc4 16. h5 b4 17. Nd5 Nxd5 18. exd5 a5 19. b3 Rc3 20. Bh6 e5 21. hxg6
fxg6 22. Bxg7 Rf7 23. Bxe5 dxe5 24. Ne6 Qe7 25. Ng5 Rg7 26. Rh4 a4 27. Rdh1 Bb5
28. d6 Qa7 29. Qd5+ Kh8 30. Qxe5 Kg8 31. Qd5+ Kh8 32. Qxb5 Rd7 33. Rxh7+ 1-0

[Event "DVM u16 2005"]
[Site "DVM u16 2005"]
[Date "2005.12.27"]
[Round "1.4"]
[White "Sanning, Nico"]
[Black "Kunze, Christopher"]
[Result "1-0"]
[WhiteElo "1609"]
[BlackElo "1733"]
[PlyCount "87"]
[EventDate "1905.??.??"]
[WhiteTeam "SK Nordhorn-Blank"]
[BlackTeam "Dresdner SC 1898"]

1. e4 c5 2. b4 cxb4 3. d4 d5 4. e5 e6 5. a3 bxa3 6. c3 Bd7 7. Bxa3 Bxa3 8. Nxa3
Ne7 9. Bd3 a6 10. Nf3 O-O 11. h4 b5 12. g4 Nbc6 13. Ng5 Ng6 14. Qd2 b4 15. cxb4
Nxd4 16. Bxg6 Qxg5 17. hxg5 Nf3+ 18. Ke2 Nxd2 19. Bxh7+ Kh8 20. Kxd2 Rfb8 21.
Bd3+ Kg8 22. Nc2 Rb6 23. Ra5 Bc6 24. Rha1 Bb7 25. b5 Kf8 26. Nb4 Ke7 27. Nxa6
Rc8 28. Nb4 Kd8 29. Rc1 Rxc1 30. Kxc1 Bc8 31. Nc6+ Kd7 32. Ra7+ Bb7 33. Kd2 Kc8
34. Na5 Kb8 35. Rxb7+ Rxb7 36. Nxb7 Kxb7 37. Kc3 Kb6 38. Kd4 g6 39. f4 Kb7 40.
Kc5 Kc7 41. b6+ Kb7 42. Bb5 d4 43. Bc6+ Ka6 44. Be4 1-0

[Event "DVM u16 2005"]
[Site "DVM u16 2005"]
[Date "2005.12.27"]
[Round "1.1"]
[White "Günnigmann, Manuel"]
[Black "Huschenbeth, Niclas"]
[Result "0-1"]
[WhiteElo "1824"]
[BlackElo "2272"]
[PlyCount "60"]
[EventDate "1905.??.??"]

1. e4 e5 2. Nf3 Nc6 3. Bb5 a6 4. Ba4 Nf6 5. O-O Be7 6. Re1 b5 7. Bb3 O-O 8. d4
Nxd4 9. Nxd4 exd4 10. e5 Ne8 11. Qxd4 c5 12. Qe4 Rb8 13. c3 Bb7 14. Qe2 Nc7 15.
Nd2 d5 16. Nf1 Ne6 17. Rd1 d4 18. Bxe6 fxe6 19. Ng3 Qd5 20. f3 Rbd8 21. cxd4
cxd4 22. Rd3 b4 23. Qe1 Qb5 24. Qe2 a5 25. Rd1 d3 26. Qe1 Rd5 27. f4 Bc5+ 28.
Kh1 Qc6 29. Qd2 Rxe5 30. fxe5 Rf2 {Weiß gab auf!} 0-1

[Event "DVM u16 2005"]
[Site "DVM u16 2005"]
[Date "2005.12.27"]
[Round "1.2"]
[White "Moshtael, Wesal"]
[Black "Seemann, Semjon"]
[Result "1-0"]
[WhiteElo "1966"]
[BlackElo "1844"]
[PlyCount "99"]
[EventDate "1905.??.??"]

1. Nf3 Nf6 2. g3 d6 3. d4 Nbd7 4. c4 e5 5. Nc3 Be7 6. Bg2 O-O 7. O-O c6 8. e4
a6 9. Qc2 Re8 10. h3 h6 11. Be3 Nh7 12. Rad1 Qc7 13. Ne2 Ndf8 14. Nh2 Ne6 15.
f4 exd4 16. Nxd4 Nxd4 17. Bxd4 Bd7 18. e5 dxe5 19. Bxe5 Qb6+ 20. Kh1 Rad8 21.
Nf3 c5 22. Ng1 Bc6 23. Ne2 Bxg2+ 24. Kxg2 Qc6+ 25. Kf2 b5 26. Rfe1 b4 27. Ng1
f6 28. Rxd8 Bxd8 29. Bb8 Rxe1 30. Kxe1 Qb7 31. Bd6 Qc6 32. Qd3 Ba5 33. b3 Nf8
34. Bxf8 Kxf8 35. Nf3 Qe6+ 36. Kf2 Bc7 37. Qe3 Qe7 38. Nh4 Kf7 39. Qxe7+ Kxe7
40. Nf5+ Kf7 41. Kf3 h5 42. Ke4 g6 43. Ne3 g5 44. Nd5 Bd6 45. Kf5 gxf4 46. gxf4
Bb8 47. Nxf6 Bxf4 48. Nxh5 Bh2 49. Nf4 Bg3 50. Nd3 1-0

[Event "DVM u16 2005"]
[Site "DVM u16 2005"]
[Date "2005.12.27"]
[Round "1.3"]
[White "Catrais, Michael"]
[Black "Schmidt, Armin"]
[Result "1/2-1/2"]
[WhiteElo "1635"]
[BlackElo "1910"]
[PlyCount "130"]
[EventDate "1905.??.??"]

1. e4 c5 2. Nf3 Nc6 3. d4 cxd4 4. Nxd4 Nf6 5. Nc3 e5 6. Ndb5 d6 7. Bg5 a6 8.
Na3 Be7 9. Bxf6 Bxf6 10. Nc4 Nd4 11. Nd5 Be6 12. Nce3 Bg5 13. c3 Bxe3 14. Nxe3
Nc6 15. Bc4 O-O 16. O-O b5 17. Bd5 Bxd5 18. Qxd5 Ne7 19. Qd3 Qd7 20. Rad1 Rad8
21. f4 exf4 22. Rxf4 Ng6 23. Rf2 Ne5 24. Qd5 Rfe8 25. Nf5 Re6 26. Rfd2 Nc4 27.
Re2 g6 28. Ng3 Qe7 29. b3 Ne5 30. Kh1 Ng4 31. h3 Qh4 32. Qd3 Rde8 33. Rf1 Ne5
34. Qe3 Nd7 35. Rf4 Qe7 36. Qd4 Qg5 37. Rf3 Nc5 38. Rfe3 h5 39. b4 Nd7 40. Nf1
Ne5 41. Re1 Nc4 42. R3e2 d5 43. Nd2 Nxd2 44. Rxd2 dxe4 45. Red1 e3 46. Re2 Qg3
47. Rd3 g5 48. Qd5 Qf4 49. Kg1 g4 50. Qxh5 gxh3 51. Rd4 Rh6 52. Rxf4 Rxh5 53.
Rf3 hxg2 54. Rexe3 Rxe3 55. Rxe3 Rg5 56. Re2 Kf8 57. Rxg2 Rxg2+ 58. Kxg2 Ke7
59. Kf3 Kd6 60. Ke4 f6 61. Kd4 f5 62. c4 bxc4 63. Kxc4 f4 64. Kd4 Kc6 65. a4
Kd6 1/2-1/2

[Event "DVM u16 2005"]
[Site "DVM u16 2005"]
[Date "2005.12.27"]
[Round "1.4"]
[White "Wenzel, Birger"]
[Black "Günnigmann, Laura"]
[Result "1-0"]
[WhiteElo "1672"]
[BlackElo "1490"]
[PlyCount "71"]
[EventDate "1905.??.??"]

1. Nf3 c5 2. g3 Nc6 3. c4 g6 4. Bg2 Bg7 5. Nc3 Nf6 6. d4 cxd4 7. Nxd4 O-O 8.
O-O a6 9. e4 Qc7 10. Nxc6 bxc6 11. Be3 Rb8 12. Qe2 d6 13. h3 Nd7 14. Rac1 Bb7
15. Rfd1 Rfd8 16. b4 Ba8 17. b5 Bxc3 18. Rxc3 cxb5 19. Ra3 Qxc4 20. Qxc4 bxc4
21. Rxa6 Ne5 22. Bd4 Nd3 23. Ra3 Rdc8 24. f3 Nb4 25. Rc1 d5 26. exd5 Bxd5 27.
Bf1 c3 28. Raxc3 Rxc3 29. Rxc3 Nxa2 30. Re3 Kf8 31. Bc5 Rb7 32. Rd3 Bc6 33.
Rd8+ Be8 34. Be3 e6 35. Bc5+ Re7 36. Bb5 1-0

[Event "DVM u16 2005"]
[Site "DVM u16 2005"]
[Date "2005.12.27"]
[Round "1.1"]
[White "Bracker, Frank"]
[Black "Katte, Nicolas"]
[Result "1-0"]
[WhiteElo "1964"]
[BlackElo "1769"]
[PlyCount "51"]
[EventDate "1905.??.??"]

1. e4 e6 2. d4 b6 3. Bd3 Bb7 4. Nf3 Nf6 5. Qe2 d6 6. O-O Nbd7 7. c3 Be7 8. Re1
O-O 9. Nbd2 Re8 10. e5 dxe5 11. dxe5 Nd5 12. Ne4 Nf8 13. a3 Ng6 14. g3 c5 15.
c4 Nc7 16. Bg5 Nxe5 17. Nxe5 Bxg5 18. Qh5 Bh6 19. Qxf7+ Kh8 20. Qh5 Rf8 21.
Rad1 Qe7 22. Nd6 Qxd6 23. Be4 Qe7 24. Bxb7 Rf5 25. Qxf5 exf5 26. Ng6+ 1-0

[Event "DVM u16 2005"]
[Site "DVM u16 2005"]
[Date "2005.12.27"]
[Round "1.2"]
[White "Künitz, Michael"]
[Black "Held, Florian"]
[Result "1/2-1/2"]
[WhiteElo "1699"]
[BlackElo "1981"]
[PlyCount "79"]
[EventDate "1905.??.??"]
[WhiteTeam "TSV Schott"]
[BlackTeam "Hamburger SK"]

1. d4 Nf6 2. c4 g6 3. Nc3 Bg7 4. e4 d6 5. Nf3 O-O 6. Be2 e5 7. dxe5 dxe5 8.
Qxd8 Rxd8 9. O-O Nbd7 10. Bg5 c6 11. Rad1 Re8 12. Rd6 h6 13. Be3 Bf8 14. Rdd1
Nc5 15. Nd2 Ng4 16. Bxg4 Bxg4 17. f3 Be6 18. b3 Red8 19. Ndb1 a5 20. Rxd8 Rxd8
21. Rd1 Rxd1+ 22. Nxd1 a4 23. Nd2 b5 24. cxb5 cxb5 25. bxa4 Nxa4 26. Nb3 f5 27.
Kf2 f4 28. Ba7 Bxb3 29. axb3 Bc5+ 30. Bxc5 Nxc5 31. Nc3 Nxb3 32. Nxb5 Kf7 33.
Nd6+ Ke6 34. Nc4 Nd4 35. Nb6 g5 36. Nd5 Nc6 37. Nc3 Nd4 38. Nd5 Nc6 39. Nc3 Nd4
40. Nd5 1/2-1/2

[Event "DVM u16 2005"]
[Site "DVM u16 2005"]
[Date "2005.12.27"]
[Round "1.3"]
[White "Colpe, Malte"]
[Black "Welke, Vincent"]
[Result "1-0"]
[WhiteElo "1937"]
[BlackElo "1437"]
[PlyCount "85"]
[EventDate "1905.??.??"]

1. d4 Nf6 2. c4 g6 3. Nc3 Bg7 4. e4 d6 5. Nf3 O-O 6. Be2 e5 7. Be3 Ng4 8. Bg5
f6 9. Bc1 Nc6 10. d5 Ne7 11. h3 Nh6 12. h4 f5 13. exf5 gxf5 {(=)} 14. Bg5 f4
15. Ne4 Bf5 16. Bd3 c6 17. O-O Bg6 {(=)} 18. Bc2 c5 19. b4 b6 20. bxc5 bxc5 21.
Bxe7 Qxe7 22. Neg5 Nf5 23. Ne6 Rfb8 24. h5 Bf7 25. Nfg5 Bxe6 26. Nxe6 Nd4 27.
Be4 Rb2 28. Qg4 Kh8 29. Nxd4 cxd4 30. c5 Qc7 31. Rac1 Rxa2 32. cxd6 Qxd6 33.
Rc6 Qf8 {(=)} 34. Rc7 Qf6 35. d6 Rd8 36. Bd5 Ra6 37. Rf7 Qh6 38. d7 Rd6 39. Re7
Rf8 40. Be6 Qf6 41. Re8 d3 42. h6 Bxh6 43. Qg8+ 1-0

[Event "DVM u16 2005"]
[Site "DVM u16 2005"]
[Date "2005.12.27"]
[Round "1.1"]
[White "Lorenz, Nicole"]
[Black "Zeldin, Leonid"]
[Result "1/2-1/2"]
[WhiteElo "1609"]
[BlackElo "1849"]
[PlyCount "119"]
[EventDate "1905.??.??"]
[WhiteTeam "USV TU Dresden"]
[BlackTeam "SF Brackel 30"]

1. e4 e5 2. Nf3 Nc6 3. Nc3 Bb4 4. Bc4 Nf6 5. O-O O-O 6. d3 h6 7. a3 Bxc3 8.
bxc3 d5 9. exd5 Nxd5 10. Bd2 Bg4 11. Rb1 b6 12. Qe2 Nf6 13. h3 Bh5 14. Bb5 Bxf3
15. Qxf3 e4 16. Qf4 Ne7 17. Rbd1 c6 18. Bc4 b5 19. Ba2 exd3 20. cxd3 Ned5 21.
Qg3 Qc7 22. Qxc7 Nxc7 23. Rfe1 Rfe8 24. Kf1 Kf8 25. Rxe8+ Rxe8 26. Be3 Ncd5 27.
Bxd5 Nxd5 28. Bxa7 Rd8 29. Bc5+ Kg8 30. Bb4 Nf4 31. d4 Ne6 32. Ke2 Nf4+ 33. Kf3
Nd5 34. Re1 g6 35. g3 Kg7 36. Ke2 Ra8 37. Rd1 f5 38. Kd3 Kf6 39. Re1 g5 40. Rc1
f4 41. c4 Nxb4+ 42. axb4 Ra4 43. cxb5 cxb5 44. Rc6+ Kg7 45. gxf4 gxf4 46. d5
Rxb4 47. d6 Kf7 48. d7 Ke7 49. Rxh6 Kxd7 50. h4 Rb2 51. f3 Rb4 52. h5 Ke7 53.
Rb6 Kf7 54. h6 Kg8 55. Kc3 Rb1 56. Kd4 b4 57. Ke5 b3 58. Kxf4 b2 59. Kf5 Rf1
60. Rxb2 1/2-1/2

[Event "DVM u16 2005"]
[Site "DVM u16 2005"]
[Date "2005.12.27"]
[Round "1.2"]
[White "Heyden, Jonas"]
[Black "Schäfer, Erik"]
[Result "1/2-1/2"]
[WhiteElo "1920"]
[BlackElo "1770"]
[PlyCount "84"]
[EventDate "1905.??.??"]

1. e4 c5 2. Nf3 e6 3. c4 Nc6 4. Nc3 a6 5. Be2 Qc7 6. O-O Nf6 7. d4 cxd4 8. Nxd4
Ne5 9. Qb3 Bc5 10. Nf3 Neg4 11. h3 Nxf2 12. Rxf2 Qg3 13. Nd1 Nxe4 14. Be3 Bxe3
15. Qxe3 Nxf2 16. Nxf2 Qc7 17. Rc1 d6 18. Qg5 O-O 19. b3 f5 20. Rd1 Rb8 21. Qd2
Rd8 22. Qg5 h6 23. Qf4 e5 24. Qh4 Be6 25. g4 fxg4 26. Nxg4 Rf8 27. Kh1 Bxg4 28.
Qxg4 Rf6 29. Rg1 Rbf8 30. c5 g6 31. cxd6 Qxd6 32. Qe4 Re8 33. Nh4 g5 34. Bc4+
Kh8 35. Nf5 Qc6 36. Bd5 Qc3 37. Ne3 Qd4 38. Bxb7 Ref8 39. Rd1 Qxe4+ 40. Bxe4
Rf2 41. Ng4 Rxa2 {(=)} 42. Kg1 Rf4 {(=)} 1/2-1/2

[Event "DVM u16 2005"]
[Site "DVM u16 2005"]
[Date "2005.12.27"]
[Round "1.3"]
[White "Marsel, Patrick"]
[Black "Luft, Dennis"]
[Result "1-0"]
[WhiteElo "1563"]
[BlackElo "1837"]
[PlyCount "47"]
[EventDate "1905.??.??"]

1. d4 d5 2. c4 e6 3. Nc3 Nf6 4. Bg5 Be7 5. Nf3 O-O 6. e3 Nbd7 7. c5 Ne4 8. Bxe7
Qxe7 9. Qc2 f5 10. Rc1 Ndf6 11. Ne5 Nxc3 12. Qxc3 Ne4 13. Qc2 f4 14. exf4 Rxf4
15. f3 Qh4+ 16. g3 Qh6 17. Bg2 Rf8 18. Ng4 Qg5 19. O-O c6 20. fxe4 Qxg4 21.
Rxf8+ Kxf8 22. Rf1+ Ke8 23. Qf2 Kd8 24. Qf8+ 1-0

[Event "DVM u16 2005"]
[Site "DVM u16 2005"]
[Date "2005.12.27"]
[Round "1.1"]
[White "Babczyk, Adrian"]
[Black "Koch, Friedrich"]
[Result "1/2-1/2"]
[WhiteElo "1948"]
[BlackElo "1707"]
[PlyCount "80"]
[EventDate "1905.??.??"]
[WhiteTeam "SF Berghofen-Wambel"]
[BlackTeam "SC Borussia Friedrichsfelde 1920 Berlin e.V."]

1. e4 e5 2. f4 exf4 3. Nf3 g5 4. h4 g4 5. Ne5 d5 6. exd5 Nf6 7. Bb5+ Bd7 8.
Nxd7 Nbxd7 9. Qe2+ Qe7 10. Nc3 O-O-O 11. Qxe7 Bxe7 12. d3 Nb6 13. Bxf4 Nfxd5
14. Bd2 c6 15. Bc4 Nxc4 16. dxc4 Nb6 17. c5 Bxc5 18. O-O-O Nc4 19. Ne4 Bb6 (
19... Rxd2 20. Rxd2 Be3 21. Re1 Bh6 22. b3 Nxd2 23. Nxd2 Rd8 24. Re2 Kc7 25.
Kd1 f5 26. Ke1 Rxd2 27. Rxd2 Bxd2+) 20. Rhf1 Rhe8 21. Rfe1 f5 22. Nc3 Rxe1 (
22... Nxd2 23. Rxe8 Rxe8 24. Kxd2 Ba5 25. Rf1 Rd8+ 26. Ke3 Bxc3 27. bxc3 Rd5)
23. Bxe1 Be3+ (23... Rxd1+ 24. Nxd1 (24. Kxd1) 24... Ne3 25. Nxe3 Bxe3+ 26. Kd1
Kd7) 24. Kb1 Rxd1+ 25. Nxd1 f4 26. b3 Nd2+ (26... Bd2 27. Bf2 Ne3 28. Nb2) 27.
Kb2 Nf1 28. Kc3 g3 29. Kd3 f3 30. Nxe3 Nxe3 31. gxf3 g2 32. Bf2 Nd5 33. Ke4
Nc3+ 34. Kd3 Nd5 35. c4 Nf4+ 36. Ke3 Nh3 37. Ke2 g1=Q (37... b6 38. f4 Kd7 39.
Kf3 g1=Q 40. Bxg1 Nxg1+ 41. Kf2 Ke6 42. Kxg1 Kf5 43. Kg2 Kxf4) 38. Bxg1 Nxg1+
39. Kf2 Nh3+ 40. Kg3 Ng1 1/2-1/2

[Event "DVM u16 2005"]
[Site "DVM u16 2005"]
[Date "2005.12.27"]
[Round "1.2"]
[White "Nötzel, Felix"]
[Black "Strathoff, Martin"]
[Result "0-1"]
[WhiteElo "1743"]
[BlackElo "1945"]
[PlyCount "97"]
[EventDate "1905.??.??"]
[WhiteTeam "SC Borussia Friedrichsfelde"]
[BlackTeam "SV Berghofen-Wambel"]

1. e4 c5 2. Nf3 d6 3. d4 cxd4 4. Nxd4 Nf6 5. Nc3 a6 6. Be3 e5 7. Nb3 Be6 8. f3
b5 9. Qd2 Nbd7 10. O-O-O Qc7 11. g4 b4 12. Nd5 Bxd5 13. exd5 Nb6 14. Bxb6 Qxb6
15. h3 Be7 16. f4 Ne4 17. Qg2 Nf2 18. fxe5 Bg5+ 19. Nd2 b3 20. axb3 Qa5 21. Kb1
Nxd1 22. Nc4 Qe1 23. Nxd6+ Kf8 24. Ka2 Qxe5 25. Nc4 Qd4 26. d6 Rd8 27. Qc6 Bf6
28. c3 Qf2 29. Ka3 Ne3 30. Nxe3 Qxe3 31. Bc4 Rxd6 32. Qc8+ Rd8 33. Qc6 Qe7+ 34.
b4 a5 35. Rf1 axb4+ 36. cxb4 h6 37. Bb3 Qd6 38. Qb7 Qd7 39. Qa6 Qd4 40. Qb7 Qd7
41. Qa6 Qc8 42. Qb5 Qa8+ 43. Ba4 Kg8 44. Re1 Qd5 45. Qe2 Kh7 46. Bc2+ g6 47.
Qf2 Ra8+ 48. Ba4 Rxa4+ 49. Kxa4 0-1

[Event "DVM u16 2005"]
[Site "DVM u16 2005"]
[Date "2005.12.27"]
[Round "1.3"]
[White "Tkachuk, Konstantyn"]
[Black "Melzer, Alexander"]
[Result "1-0"]
[WhiteElo "1955"]
[BlackElo "1551"]
[PlyCount "110"]
[EventDate "1905.??.??"]
[WhiteTeam "SF Berghofen-Wambel"]
[BlackTeam "SC Borussia Friedrichsfelde"]

1. e4 d6 2. d4 Nf6 3. Bd3 g6 4. f4 Bg7 5. Nf3 O-O 6. O-O c5 7. d5 Na6 8. c4 Rb8
9. Nc3 Nc7 10. Qe2 a6 11. h3 Bd7 12. e5 Nfe8 13. b3 b5 14. Bd2 b4 15. Ne4 Bf5
16. g4 Bxe4 17. Qxe4 e6 18. dxe6 Nxe6 19. f5 Nd4 20. Nxd4 cxd4 21. f6 Nxf6 22.
exf6 Bxf6 23. Rae1 Be5 24. Bf4 Qh4 25. Kg2 Rbe8 26. Re2 Kg7 27. Qd5 h5 28. g5
Bxf4 29. Qxd4+ Re5 30. Qxf4 Rxg5+ 31. Kh2 Rg4 32. Qf2 f5 33. Qxh4 Rxh4 34. Kg3
Rd4 35. Bc2 f4+ 36. Kf3 g5 37. Rd1 g4+ 38. hxg4 hxg4+ 39. Kxg4 f3+ 40. Rxd4
fxe2 41. Re4 Rf2 42. Bd3 e1=Q 43. Rxe1 Rxa2 44. Be4 Rb2 45. Re3 a5 46. Bc6 Kf6
47. Kf4 Rb1 48. Ke4 Rd1 49. Rd3 Re1+ 50. Kd5 Ke7 51. Ba4 Re5+ 52. Kc6 Rc5+ 53.
Kb6 Ke6 54. Bb5 Ke5 55. Kxa5 Ke4 1-0

[Event "DVM u16 2005"]
[Site "DVM u16 2005"]
[Date "2005.12.27"]
[Round "1.4"]
[White "Müller, Anna-Louise"]
[Black "Wilms, Christoph"]
[Result "0-1"]
[WhiteElo "1455"]
[BlackElo "1520"]
[PlyCount "52"]
[EventDate "1905.??.??"]
[WhiteTeam "SV Borussia Friedrichsfelde"]
[BlackTeam "SF Berghofen-Wambel"]

1. Nf3 c5 2. g3 Nf6 3. Bg2 g6 4. O-O Bg7 5. d3 O-O 6. Nbd2 d6 7. e4 Nc6 8. c3
Bd7 9. Ne1 Qc8 10. f4 Bh3 11. Ndf3 Bxg2 12. Kxg2 b6 13. Nc2 Qc7 14. Qe2 Nd7 15.
g4 e6 16. h4 Nf6 17. Nh2 h5 18. gxh5 Nxh5 19. f5 exf5 20. exf5 Rae8 21. Be3 Ne5
22. fxg6 Qc6+ 23. Kf2 fxg6+ 24. Ke1 Ng3 25. Qd1 Nxf1 26. Nxf1 Qg2 0-1

[Event "DVM u16 2005"]
[Site "DVM u16 2005"]
[Date "2005.12.27"]
[Round "1.1"]
[White "Gebhardt, Martin"]
[Black "Hirneise, Tobias"]
[Result "0-1"]
[WhiteElo "1746"]
[BlackElo "2149"]
[PlyCount "52"]
[EventDate "1905.??.??"]
[WhiteTeam "TSG Apolda"]
[BlackTeam "SpVgg Rommelshaufen"]

1. e4 c5 2. c3 Nf6 3. e5 Nd5 4. d4 cxd4 5. Nf3 Nc6 6. Bc4 e6 7. cxd4 d6 8. O-O
Be7 9. Qe2 O-O 10. Nc3 Nxc3 11. bxc3 d5 12. Bd3 f5 13. exf6 Bxf6 14. Ne5 Bxe5
15. dxe5 Rf7 16. f4 Bd7 17. Rf3 g6 18. Rg3 Ne7 19. Rh3 a6 20. c4 dxc4 21. Bxc4
Bb5 22. Bxb5 Qd4+ 23. Qe3 Qxa1 24. Bd7 Nf5 25. Qd2 Qd4+ 26. Qxd4 Nxd4 0-1

[Event "DVM u16 2005"]
[Site "DVM u16 2005"]
[Date "2005.12.27"]
[Round "1.2"]
[White "Hirneise, Jens"]
[Black "Nißler, Daniel"]
[Result "1/2-1/2"]
[WhiteElo "1902"]
[BlackElo "1771"]
[PlyCount "75"]
[EventDate "1905.??.??"]

1. d4 e6 2. Nf3 Nf6 3. e3 b6 4. Bd3 Bb7 5. c4 Be7 6. O-O O-O 7. Nc3 d5 8. b3 c5
9. Bb2 dxc4 10. Bxc4 cxd4 11. Nxd4 Bc5 12. Qe2 Bxd4 13. Rad1 Nc6 14. Nb5 a6 15.
Nxd4 Qe8 16. f3 b5 17. Bd3 Nxd4 18. Bxd4 Qe7 19. Qb2 Rfe8 {(=)} 20. Bxf6 Qxf6
21. Qxf6 gxf6 22. Kf2 Red8 23. Rd2 Rd5 24. Rc1 Rad8 25. Ke2 R8d7 26. a4 bxa4
27. bxa4 f5 28. Rc3 Kg7 29. Rb2 Kf6 {(=)} 30. Rb6 a5 31. Rcb3 h6 32. Rxb7 Rxd3
33. Rxd7 Rxb3 34. Ra7 Rb2+ 35. Kf1 Rb1+ 36. Kf2 Rb2+ 37. Kf1 Rb1+ 38. Kf2 {(=)}
1/2-1/2

[Event "DVM u16 2005"]
[Site "DVM u16 2005"]
[Date "2005.12.27"]
[Round "1.3"]
[White "Nißler, Robert"]
[Black "Zeyher, Marius"]
[Result "0-1"]
[WhiteElo "1401"]
[BlackElo "1611"]
[PlyCount "76"]
[EventDate "1905.??.??"]

1. e4 c5 2. Nf3 e6 3. d4 cxd4 4. Nxd4 Nc6 5. Nc3 a6 6. Be2 Qc7 7. O-O Nf6 8. a3
Be7 9. Kh1 b5 10. f3 Bb7 11. Be3 Na5 12. Rb1 Nc4 13. Bxc4 Qxc4 14. Qd2 Rc8 15.
Nce2 Qc7 16. Bf2 O-O 17. c3 Rfd8 18. Bg3 d6 19. h3 Nd7 20. Qe3 Nb6 21. b3 h6
22. f4 Nd7 23. Rbe1 {(=)} Nf6 24. e5 dxe5 25. fxe5 Nd5 26. Qf2 Rf8 27. Rc1 Bxa3
28. Rc2 Be7 29. c4 bxc4 30. Rxc4 Qd7 31. Nf4 Rxc4 32. bxc4 Nxf4 33. Bxf4 Qa4
34. Qb2 {(=)} Be4 35. Qc3 Qa2 36. Qg3 Bg6 37. Bxh6 Qxc4 38. Rxf7 Kxf7 0-1

[Event "DVM u16 2005"]
[Site "DVM u16 2005"]
[Date "2005.12.27"]
[Round "1.4"]
[White "Belzner, Jonas"]
[Black "Senf, Carsten"]
[Result "0-1"]
[WhiteElo "1582"]
[BlackElo "1531"]
[PlyCount "98"]
[EventDate "1905.??.??"]
[WhiteTeam "SpVgg Rommelshausen"]
[BlackTeam "TSG Apolda"]

1. d4 e6 2. Nf3 Nf6 3. e3 b6 4. Bd3 Bb7 5. O-O Be7 6. b3 d6 7. Bb2 Nbd7 8. Nbd2
O-O 9. c4 c5 10. Qc2 h6 11. e4 cxd4 12. Nxd4 Nc5 13. Rfe1 a6 14. N2f3 e5 15.
Nf5 Rc8 16. Rad1 Qd7 17. Nd2 Rfe8 18. Nb1 Bf8 19. Nc3 g6 20. Ng3 Red8 21. Qd2
Ne6 22. Nd5 Bxd5 23. cxd5 Nc5 24. b4 Nxd3 25. Qxd3 b5 26. f4 Re8 27. fxe5 dxe5
28. a3 Qd6 29. Rf1 Rc4 30. Rc1 Rec8 31. Rxc4 Rxc4 32. Rc1 Rxc1+ 33. Bxc1 Qc7
34. Bb2 Bd6 35. Qc3 Qd7 36. Qe3 Kg7 37. Qb6 Qc7 38. Qxa6 Qc2 39. Qxd6 Qxb2 40.
Qc5 Qb1+ 41. Kf2 Qb2+ 42. Kf1 Qb1+ 43. Kf2 Qb2+ 44. Kg1 Qb1+ 45. Nf1 Nxe4 46.
Qxb5 Qd1 47. Qc6 Qd4+ 48. Kh1 Nf2+ 49. Kg1 Nh3+ 0-1